[Event "Anapa Sea Harbor op"]
[Site "Anapa"]
[Date "2023.06.09"]
[Round "8"]
[White "Tappyrov, Vladimir"]
[Black "Sudnik, Pavel"]
[Result "1-0"]
[WhiteElo "2040"]
[BlackElo "1905"]
[PlyCount "125"]
[EventDate "2023.06.02"]
[EventType "swiss"]
[EventRounds "9"]
[EventCountry "RUS"]
[SourceTitle "CBM 214 Extra"]
[Source "ChessBase"]
[SourceDate "2023.07.31"]
[SourceVersion "1"]
[SourceVersionDate "2023.07.31"]
[SourceQuality "1"]

1. e4 c5 2. Nc3 Nc6 3. f4 e6 4. Nf3 d5 5. Bb5 dxe4 6. Bxc6+ bxc6 7. Nxe4 Ba6 8. d3 c4 9. d4 Qd5 10. Nc3 Bb4 11. Bd2 Bxc3 12. Bxc3 Nf6 13. 0-0 0-0 14. Re1 Rab8 15. Re5 Qd6 16. Qd2 Nd5 17. Rae1 Bc8 18. a3 c5 19. dxc5 Qxc5+ 20. Bd4 Qc7 21. Rh5 Nxf4 22. Rc5 Qd6 23. Qf2 f6 24. Rxc4 Ba6 25. Bc5 Qc7 26. Rxf4 Qxf4 27. Bxf8 Kxf8 28. Qxa7 Bb7 29. Nd4 Bd5 30. b3 Re8 31. c4 Qd2 32. Re2 Qc1+ 33. Kf2 Qf4+ 34. Nf3 Bxf3 35. Qc5+ Kf7 36. gxf3 Qxh2+ 37. Ke1 Qh1+ 38. Kf2 Re7 39. Qd4 h5 40. c5 h4 41. Qg4 Qc1 42. b4 g5 43. f4 Qc4 44. Qh5+ Kg7 45. fxg5 Qf4+ 46. Qf3 Qh2+ 47. Ke1 Qg1+ 48. Qf1 Qg3+ 49. Qf2 Qc3+ 50. Kf1 fxg5 51. Qe3 Qa1+ 52. Kg2 Kg6 53. Qe4+ Kh5 54. Qf3+ Kh6 55. Qf8+ Qg7 56. Qxg7+ Kxg7 57. c6 Kf6 58. b5 Rc7 59. Rc2 h3+ 60. Kxh3 Ke7 61. b6 Rc8 62. b7 Rh8+ 63. Kg4 1-0

[Event "Gelendzhik Rapid op"]
[Site "Gelendzhik"]
[Date "2023.05.29"]
[Round "10"]
[White "Tappyrov, Vladimir"]
[Black "Linkova, Darya"]
[Result "0-1"]
[WhiteElo "2040"]
[BlackElo "1113"]
[PlyCount "68"]
[EventDate "2023.05.27"]
[EventType "swiss (rapid)"]
[EventRounds "11"]
[EventCountry "RUS"]
[SourceTitle "CBM 214 Extra"]
[Source "ChessBase"]
[SourceDate "2023.07.31"]
[SourceVersion "1"]
[SourceVersionDate "2023.07.31"]
[SourceQuality "1"]

1. d4 Nf6 2. c4 g6 3. Nc3 d5 4. cxd5 Nxd5 5. e4 Nxc3 6. bxc3 Bg7 7. Rb1 c5 8. Nf3 Qa5 9. Bd2 Qxa2 10. Bb5+ Bd7 11. 0-0 0-0 12. Bxd7 Nxd7 13. Rxb7 Rad8 14. Bg5 f6 15. Be3 cxd4 16. cxd4 a5 17. Qa1 Qe6 18. Nd2 Qa6 19. Rfb1 f5 20. Qa4 f4 21. Rxd7 fxe3 22. Qb3+ Kh8 23. Rxd8 exf2+ 24. Kh1 Rxd8 25. d5 Qe2 26. Qd1 Qd3 27. Nf3 Qxd1+ 28. Rxd1 a4 29. Ng5 Rb8 30. e5 a3 31. d6 exd6 32. exd6 a2 33. d7 a1Q 34. Rxa1 Bxa1 0-1

[Event "Gelendzhik Rapid op"]
[Site "Gelendzhik"]
[Date "2023.05.28"]
[Round "7"]
[White "Potapova, Margarita"]
[Black "Tappyrov, Vladimir"]
[Result "1-0"]
[WhiteElo "2104"]
[BlackElo "2040"]
[PlyCount "43"]
[EventDate "2023.05.27"]
[EventType "swiss (rapid)"]
[EventRounds "11"]
[EventCountry "RUS"]
[SourceTitle "CBM 214 Extra"]
[Source "ChessBase"]
[SourceDate "2023.07.31"]
[SourceVersion "1"]
[SourceVersionDate "2023.07.31"]
[SourceQuality "1"]

1. d4 d5 2. c4 e6 3. Nc3 a6 4. cxd5 exd5 5. Nf3 c6 6. e4 dxe4 7. Ng5 Bb4 8. Bc4 Bxc3+ 9. bxc3 Nh6 10. Nxe4 0-0 11. 0-0 Qh4 12. f3 b5 13. Bd3 f6 14. Ba3 Rd8 15. Qb3+ Kh8 16. Nd6 Qf4 17. Rae1 Nd7 18. Re4 Qd2 19. Rd1 Qg5 20. Bc1 Qd5 21. Bxh6 gxh6 22. Nf7+ 1-0

[Event "Moscow op-C"]
[Site "Moscow"]
[Date "2015.02.04"]
[Round "5"]
[White "Apryshko, Gleb"]
[Black "Tappyrov, Vladimir"]
[Result "1-0"]
[WhiteElo "2287"]
[BlackElo "2158"]
[PlyCount "69"]
[EventDate "2015.01.31"]
[EventType "swiss"]
[EventRounds "9"]
[EventCountry "RUS"]
[SourceTitle "CBM 164 Extra"]
[Source "ChessBase"]
[SourceDate "2015.03.02"]
[SourceVersion "1"]
[SourceVersionDate "2015.03.02"]
[SourceQuality "1"]

1. e4 e6 2. d3 d5 3. Nd2 Nf6 4. g3 c5 5. Bg2 Nc6 6. Ngf3 g6 7. 0-0 Bg7 8. exd5 Nxd5 9. c3 0-0 10. a4 b6 11. Nc4 Bb7 12. Qb3 Qc7 13. Re1 a6 14. Ng5 Rad8 15. Ne4 Nce7 16. Bg5 h6 17. Bxe7 Qxe7 18. Nxb6 Nxb6 19. Qxb6 Bxe4 20. dxe4 Rb8 21. Qxa6 Rxb2 22. e5 Qc7 23. Qc4 Qa5 24. Rad1 Rc2 25. Re3 Rc8 26. Be4 Rb2 27. Rd6 Rb6 28. Rd7 Qa6 29. Qxa6 Rxa6 30. Bc2 Raa8 31. Kg2 Bxe5 32. Rxf7 Bf4 33. Rxe6 Bd2 34. c4 Bg5 35. Kh3 1-0

[Event "Pardubice Czech op-B 24th"]
[Site "Pardubice"]
[Date "2013.07.26"]
[Round "8"]
[White "Tappyrov, Vladimir"]
[Black "Mueller, Fabian"]
[Result "0-1"]
[WhiteElo "2231"]
[BlackElo "2320"]
[PlyCount "70"]
[EventDate "2013.07.19"]
[EventType "swiss"]
[EventRounds "9"]
[EventCountry "CZE"]
[SourceTitle "CBM 155 Extra"]
[Source "ChessBase"]
[SourceDate "2013.08.26"]
[SourceVersion "1"]
[SourceVersionDate "2013.08.26"]
[SourceQuality "1"]

1. d4 Nf6 2. c4 c5 3. d5 e6 4. Nc3 exd5 5. cxd5 d6 6. Nf3 g6 7. Nd2 Nbd7 8. Nc4 Nb6 9. Ne3 Bg7 10. g3 0-0 11. Bg2 Nh5 12. a4 f5 13. a5 f4 14. axb6 fxe3 15. Bxe3 Qxb6 16. Qd2 Bd7 17. 0-0 a5 18. f4 a4 19. Bf2 Qb4 20. Rab1 a3 21. Rfc1 axb2 22. Rxb2 Bxc3 23. Rxc3 Ra1+ 24. Be1 Rxe1+ 25. Kf2 Rd1 26. Rxb4 Rxd2 27. Rxb7 Nf6 28. h3 Bf5 29. Ra3 Re8 30. Bf3 Be4 31. g4 Bxf3 32. Kxf3 Rdxe2 33. Rb6 R8e3+ 34. Rxe3 Rxe3+ 35. Kf2 Rxh3 0-1

[Event "Pardubice Czech op-B 24th"]
[Site "Pardubice"]
[Date "2013.07.24"]
[Round "6"]
[White "Siebenburger, Vlastimil"]
[Black "Tappyrov, Vladimir"]
[Result "0-1"]
[WhiteElo "2113"]
[BlackElo "2231"]
[PlyCount "98"]
[EventDate "2013.07.19"]
[EventType "swiss"]
[EventRounds "9"]
[EventCountry "CZE"]
[SourceTitle "CBM 155 Extra"]
[Source "ChessBase"]
[SourceDate "2013.08.26"]
[SourceVersion "1"]
[SourceVersionDate "2013.08.26"]
[SourceQuality "1"]

1. d4 c5 2. d5 Nf6 3. c4 b5 4. cxb5 a6 5. b6 d6 6. a4 a5 7. Nc3 g6 8. e4 Ba6 9. Bxa6 Nxa6 10. f4 Nb4 11. Nf3 Bg7 12. 0-0 0-0 13. h3 Qxb6 14. Be3 Qb7 15. Nd2 Nd7 16. Nc4 Nb6 17. Nxb6 Qxb6 18. Rb1 Qb7 19. Qe2 Rac8 20. Qc4 Nc2 21. Bf2 Qb4 22. Qd3 Qb3 23. Qb5 Qb4 24. Qd3 Nd4 25. Rfe1 Nb3 26. Kh1 c4 27. Qc2 Bxc3 28. bxc3 Qxa4 29. e5 Qb5 30. Rbd1 a4 31. f5 a3 32. e6 fxe6 33. fxg6 e5 34. Bh4 Qd7 35. gxh7+ Kh8 36. Rf1 Ra8 37. Bg5 Qe8 38. Bh6 Rf6 39. Rxf6 exf6 40. Qf5 Qe7 41. Bc1 a2 42. Bb2 a1Q 43. Bxa1 Nxa1 44. Qe6 Qxe6 45. dxe6 Nb3 46. Rxd6 Re8 47. e7 Rxe7 48. Rxf6 e4 49. Kg1 e3 0-1

[Event "Pardubice Czech op-B 24th"]
[Site "Pardubice"]
[Date "2013.07.22"]
[Round "4"]
[White "Mammadova, Narmin Fazahir Qizi"]
[Black "Tappyrov, Vladimir"]
[Result "1/2-1/2"]
[WhiteElo "1961"]
[BlackElo "2231"]
[PlyCount "78"]
[EventDate "2013.07.19"]
[EventType "swiss"]
[EventRounds "9"]
[EventCountry "CZE"]
[SourceTitle "CBM 155 Extra"]
[Source "ChessBase"]
[SourceDate "2013.08.26"]
[SourceVersion "1"]
[SourceVersionDate "2013.08.26"]
[SourceQuality "1"]

1. e4 e6 2. d4 d5 3. e5 c5 4. c3 Qb6 5. Nf3 Nc6 6. a3 f6 7. exf6 Nxf6 8. Bd3 c4 9. Bc2 Bd6 10. 0-0 0-0 11. Re1 Bd7 12. Nbd2 Qc7 13. Qe2 Rae8 14. Ne5 Re7 15. Ndf3 Be8 16. h3 Bxe5 17. Nxe5 Nxe5 18. dxe5 Nd7 19. Bg5 Ref7 20. Bh4 Nc5 21. Rad1 Ba4 22. Bxa4 Nxa4 23. Bg3 Qb6 24. Rd2 Qc6 25. f3 Nc5 26. Bf2 Nd3 27. Red1 b5 28. b4 Ra8 29. Rxd3 cxd3 30. Rxd3 Qc4 31. Qc2 Rf5 32. Bd4 a5 33. Rd2 axb4 34. axb4 Ra1+ 35. Kh2 Rf8 36. Qd3 Qxd3 37. Rxd3 Ra2 38. h4 h5 39. Rd1 Rxf3 1/2-1/2

[Event "Pardubice Czech op-B 24th"]
[Site "Pardubice"]
[Date "2013.07.21"]
[Round "3"]
[White "Tappyrov, Vladimir"]
[Black "Caille, Vincent"]
[Result "1-0"]
[WhiteElo "2231"]
[BlackElo "2015"]
[PlyCount "73"]
[EventDate "2013.07.19"]
[EventType "swiss"]
[EventRounds "9"]
[EventCountry "CZE"]
[SourceTitle "CBM 155 Extra"]
[Source "ChessBase"]
[SourceDate "2013.08.26"]
[SourceVersion "1"]
[SourceVersionDate "2013.08.26"]
[SourceQuality "1"]

1. d4 Nf6 2. c4 c5 3. Nf3 cxd4 4. Nxd4 e5 5. Nb5 d5 6. cxd5 Bc5 7. e3 0-0 8. N5c3 Bf5 9. Bc4 Nbd7 10. 0-0 e4 11. Nd2 Ne5 12. Be2 Qe7 13. Qa4 Ng6 14. Rd1 Rad8 15. Nf1 Qe5 16. Bd2 Nh4 17. Rac1 Bd7 18. Qc4 Rc8 19. Qb3 Qg5 20. Ng3 h5 21. Qxb7 Nxg2 22. Kxg2 h4 23. Ncxe4 Nxe4 24. Qxd7 hxg3 25. hxg3 Nf6 26. Qh3 Qxd5+ 27. Bf3 Qe6 28. Qh4 Nd7 29. Rh1 f6 30. Qh7+ Kf7 31. Bh5+ Ke7 32. Qxg7+ Kd8 33. Rhd1 Qd5+ 34. Bf3 Qf7 35. Ba5+ Ke7 36. Rxd7+ Kxd7 37. Bg4+ 1-0

[Event "Yakutsk Nikolaev Memorial"]
[Site "Yakutsk"]
[Date "2012.12.15"]
[Round "7"]
[White "Tappyrov, Vladimir"]
[Black "Vorontsov, Nikolay"]
[Result "0-1"]
[WhiteElo "2244"]
[BlackElo "2306"]
[PlyCount "88"]
[EventDate "2012.12.12"]
[EventType "tourn"]
[EventRounds "9"]
[EventCountry "RUS"]
[EventCategory "2"]
[SourceTitle "CBM 152 Extra"]
[Source "ChessBase"]
[SourceDate "2013.02.25"]
[SourceVersion "1"]
[SourceVersionDate "2013.02.25"]
[SourceQuality "1"]

1. d4 Nf6 2. c4 g6 3. g3 c6 4. Bg2 d5 5. b3 Bg7 6. Bb2 0-0 7. Nf3 Bf5 8. 0-0 Ne4 9. Ne5 Nd7 10. f3 Nef6 11. Nd3 Re8 12. Nc3 dxc4 13. bxc4 Bxd3 14. Qxd3 e5 15. Na4 exd4 16. Bxd4 Ne5 17. Qc3 Nxf3+ 18. Bxf3 Ne4 19. Bxg7 Nxc3 20. Bxc3 Qe7 21. Bd4 Qb4 22. Nc5 Rad8 23. Bf2 b6 24. Nd3 Qa3 25. Bxc6 Rxe2 26. Nf4 Rxf2 27. Rxf2 Qc3 28. Raf1 Qxc4 29. Bf3 a5 30. Bd1 a4 31. Ng2 b5 32. Nh4 Qc5 33. Kh1 Rd3 34. Kg2 Ra3 35. Re1 Rxa2 36. Rxa2 Qd5+ 37. Nf3 Qxa2+ 38. Re2 Qa1 39. Rd2 b4 40. Rd7 b3 41. Ng5 b2 42. Bc2 b1Q 43. Bxb1 Qxb1 44. Nxf7 Qa2+ 0-1

[Event "Chigorin Memorial 19th"]
[Site "St Petersburg"]
[Date "2011.10.20"]
[Round "7"]
[White "Kuzmin, Egor"]
[Black "Tappyrov, Vladimir"]
[Result "1/2-1/2"]
[WhiteElo "2117"]
[BlackElo "2330"]
[PlyCount "162"]
[EventDate "2011.10.14"]
[EventType "swiss"]
[EventRounds "9"]
[EventCountry "RUS"]
[SourceTitle "CBM 144 Extra"]
[Source "ChessBase"]
[SourceDate "2011.10.28"]
[SourceVersion "1"]
[SourceVersionDate "2011.10.28"]
[SourceQuality "1"]

1. e4 d5 2. exd5 Qxd5 3. Nc3 Qa5 4. d4 Nf6 5. Bc4 c6 6. Nf3 Bf5 7. 0-0 e6 8. Ne5 Nbd7 9. Qe2 Bb4 10. Nxd7 Nxd7 11. d5 cxd5 12. Nxd5 0-0 13. Nxb4 Qxb4 14. c3 Qa5 15. Bf4 e5 16. Be3 Qc7 17. Rfd1 Rac8 18. Bb3 Rfd8 19. Qf3 Bg6 20. Bg5 Rf8 21. Be7 Rfe8 22. Bd6 Qc6 23. Qxc6 bxc6 24. Bc4 Nb6 25. Ba6 Bc2 26. Bxc8 Bxd1 27. Rxd1 Rxc8 28. Bxe5 Nc4 29. Bd4 Nxb2 30. Rb1 c5 31. Bxc5 Rxc5 32. Rxb2 Kf8 33. Rc2 Ke7 34. Kf1 Kd6 35. Ke2 Rc4 36. Kd3 Ra4 37. Rb2 f6 38. g3 h5 39. c4 h4 40. Kd4 h3 41. f4 f5 42. Kc3 Ra3+ 43. Kd4 Ra4 44. Re2 Rb4 45. a3 Ra4 46. Re3 Ra5 47. c5+ Kd7 48. Kc4 Ra4+ 49. Kd5 Ra5 50. Rd3 g6 51. Rb3 Kc7 52. Re3 Kd7 53. Rd3 a6 54. Rb3 Kc7 55. Re3 Kd7 56. Rd3 Rb5 57. Kc4+ Kc7 58. Rb3 Ra5 59. Kd5 Kc8 60. Kc6 Ra4 61. Kb6 Re4 62. Rb2 Re6+ 63. c6 Re1 64. Rd2 Rb1+ 65. Kxa6 Kc7 66. Rd7+ Kxc6 67. Rh7 Ra1 68. Ka5 Rxa3+ 69. Kb4 Ra2 70. Rxh3 Kd5 71. Rh6 Rg2 72. Kc3 Ke4 73. Kc4 Rc2+ 74. Kb3 Rd2 75. Kc3 Rg2 76. Kc4 Rc2+ 77. Kb5 Kf3 78. Rxg6 Rxh2 79. Rg5 Ke4 80. Kc5 Rd2 81. Kc6 Rd3 1/2-1/2

[Event "Chigorin Memorial 19th"]
[Site "St Petersburg"]
[Date "2011.10.17"]
[Round "4"]
[White "Tappyrov, Vladimir"]
[Black "Zamyshlyaev, Anatoly"]
[Result "1-0"]
[WhiteElo "2330"]
[BlackElo "2067"]
[PlyCount "73"]
[EventDate "2011.10.14"]
[EventType "swiss"]
[EventRounds "9"]
[EventCountry "RUS"]
[SourceTitle "CBM 144 Extra"]
[Source "ChessBase"]
[SourceDate "2011.10.28"]
[SourceVersion "1"]
[SourceVersionDate "2011.10.28"]
[SourceQuality "1"]

1. d4 e6 2. c4 d5 3. Nf3 c5 4. cxd5 exd5 5. g3 Nf6 6. Bg2 Be7 7. 0-0 0-0 8. Nc3 Nc6 9. dxc5 Bxc5 10. Na4 Bb6 11. b3 Qe7 12. Nxb6 axb6 13. Bb2 Rd8 14. Nd4 Bg4 15. h3 Be6 16. a3 Qd7 17. Kh2 Ne4 18. Nxc6 bxc6 19. Qd4 f6 20. Qxb6 Nd2 21. Rfd1 Rab8 22. Qe3 Nxb3 23. Rab1 Bf5 24. Bxf6 Bxb1 25. Bxd8 Bc2 26. Bxd5+ cxd5 27. Rxd5 Qf7 28. Rd6 Bg6 29. Bb6 Re8 30. Qc3 h6 31. Rxg6 Qxg6 32. Qxb3+ Kh8 33. Be3 Qe4 34. a4 Ra8 35. Qc3 Rxa4 36. Bxh6 Rd4 37. Bxg7+ 1-0

[Event "Kostroma Volga Cup op"]
[Site "Kostroma"]
[Date "2011.07.06"]
[Round "3"]
[White "Tappyrov, Vladimir"]
[Black "Khatoev, Eduard"]
[Result "1/2-1/2"]
[WhiteElo "2312"]
[BlackElo "2277"]
[PlyCount "44"]
[EventDate "2011.07.04"]
[EventType "swiss"]
[EventRounds "10"]
[EventCountry "RUS"]
[SourceTitle "EXT 2012"]
[Source "ChessBase"]
[SourceDate "2011.11.24"]
[SourceVersion "1"]
[SourceVersionDate "2011.11.24"]
[SourceQuality "1"]

1. d4 d5 2. Nf3 Nf6 3. c4 e6 4. g3 dxc4 5. Bg2 Nc6 6. Qa4 Bb4+ 7. Bd2 Nd5 8. 0-0 0-0 9. Qc2 Bxd2 10. Nbxd2 b5 11. a4 Ncb4 12. Qc1 c6 13. b3 c3 14. Ne4 c2 15. Qd2 a5 16. Rfc1 Qb6 17. Ne1 Rd8 18. Nxc2 Nxc2 19. Qxc2 Qxd4 20. Qxc6 Bd7 21. Qc5 Qb2 22. Qc2 Qxc2 1/2-1/2

[Event "Kostroma Volga Cup op"]
[Site "Kostroma"]
[Date "2011.07.04"]
[Round "1"]
[White "Tappyrov, Vladimir"]
[Black "Suslova, Alena"]
[Result "1-0"]
[WhiteElo "2312"]
[BlackElo "2217"]
[PlyCount "141"]
[EventDate "2011.07.04"]
[EventType "swiss"]
[EventRounds "10"]
[EventCountry "RUS"]
[SourceTitle "EXT 2012"]
[Source "ChessBase"]
[SourceDate "2011.11.24"]
[SourceVersion "1"]
[SourceVersionDate "2011.11.24"]
[SourceQuality "1"]

1. d4 g6 2. c4 Bg7 3. Nc3 Nf6 4. e4 0-0 5. Nf3 d6 6. Be2 e5 7. 0-0 exd4 8. Nxd4 Re8 9. f3 c6 10. Nc2 Be6 11. Be3 Na6 12. Qd2 Nc7 13. Rad1 d5 14. cxd5 cxd5 15. Bg5 Qc8 16. e5 Nd7 17. f4 f6 18. exf6 Nxf6 19. Bf3 Bf7 20. Nd4 Qd7 21. Qf2 Ng4 22. Bxg4 Qxg4 23. h3 Qd7 24. Qh4 Ne6 25. Bf6 Nxd4 26. Bxd4 Rad8 27. Bxg7 Kxg7 28. Rd4 Qe7 29. Qf2 Qe3 30. Rfd1 Qxf2+ 31. Kxf2 Rd7 32. a3 Red8 33. Re1 Kf6 34. Re5 h5 35. Ke3 Rd6 36. g4 hxg4 37. hxg4 R6d7 38. g5+ Kg7 39. Kf3 Kf8 40. Nd1 Rd6 41. Ne3 Be6 42. Ng4 Bxg4+ 43. Kxg4 R8d7 44. Re2 Rf7 45. Rc2 Rd8 46. Rc5 Rfd7 47. Rc2 Rf7 48. Re2 Rf5 49. a4 Kf7 50. a5 Rc8 51. Rb4 Rc7 52. Re3 Kf8 53. Re6 Kg7 54. Rd6 Kf7 55. b3 d4 56. Rbxd4 Rxa5 57. Rf6+ Kg7 58. Rdd6 Rb5 59. Rxg6+ Kh7 60. Rh6+ Kg7 61. Rdg6+ Kf7 62. f5 Rc3 63. Rh7+ Kf8 64. Rd6 Rb4+ 65. Kh5 Rh3+ 66. Kg6 Rxh7 67. Kxh7 Rxb3 68. f6 a5 69. Kg6 Ke8 70. Rd5 a4 71. f7+ 1-0

[Event "Moscow op-A"]
[Site "Moscow"]
[Date "2009.02.06"]
[Round "7"]
[White "Tappyrov, Vladimir"]
[Black "Grishchenko, Sergey"]
[Result "0-1"]
[WhiteElo "2317"]
[BlackElo "2423"]
[PlyCount "38"]
[EventDate "2009.01.31"]
[EventType "swiss"]
[EventRounds "9"]
[EventCountry "RUS"]
[SourceTitle "EXT 2023"]
[Source "ChessBase"]
[SourceDate "2022.10.05"]
[SourceVersion "1"]
[SourceVersionDate "2022.10.05"]
[SourceQuality "1"]

1. d4 d5 2. c4 e6 3. Nf3 Nf6 4. g3 dxc4 5. Bg2 Nc6 6. Qa4 Bb4+ 7. Bd2 Nd5 8. Bxb4 Ndxb4 9. a3 b5 10. Qxb5 Nc2+ 11. Kd1 Bd7 12. Nfd2 N6xd4 13. Qxc4 Bb5 14. Qc3 Nxa1 15. e3 Ndb3 16. Bxa8 Qxa8 17. Re1 0-0 18. Nxb3 Qe4 19. Nxa1 Qxb1+ 0-1

[Event "Moscow op-A"]
[Site "Moscow"]
[Date "2009.01.31"]
[Round "1"]
[White "Tappyrov, Vladimir"]
[Black "Skvortsov, Mikhail S"]
[Result "1-0"]
[WhiteElo "2317"]
[BlackElo "2373"]
[PlyCount "54"]
[EventDate "2009.01.31"]
[EventType "swiss"]
[EventRounds "9"]
[EventCountry "RUS"]
[SourceTitle "EXT 2022"]
[Source "ChessBase"]
[SourceDate "2021.10.06"]
[SourceVersion "1"]
[SourceVersionDate "2021.10.06"]
[SourceQuality "1"]

1. e4 e6 2. d4 d5 3. Nd2 dxe4 4. Nxe4 Nd7 5. Nf3 Ngf6 6. Nxf6+ Nxf6 7. Bg5 Be7 8. Bd3 0-0 9. Qe2 c5 10. dxc5 Qa5+ 11. c3 Qxc5 12. 0-0 h6 13. Be3 Qh5 14. Bd4 Rd8 15. Ne5 Qxe2 16. Bxe2 Bd7 17. Rfd1 Nd5 18. Bf3 Bc6 19. a3 Rdc8 20. c4 Nb6 21. Nxc6 bxc6 22. Rac1 Rab8 23. b4 f6 24. Bg4 Kf7 25. Bc5 Rd8 26. Bxe6+ Kf8 27. Be3 Na4 1-0

[Event "Chigorin Memorial-B 10th"]
[Site "St Petersburg"]
[Date "2002.11.01"]
[Round "7"]
[White "Vager, Boris"]
[Black "Tappyrov, Vladimir"]
[Result "0-1"]
[WhiteElo "2290"]
[BlackElo "2339"]
[PlyCount "116"]
[EventDate "2002.10.25"]
[EventType "swiss"]
[EventRounds "9"]
[EventCountry "RUS"]
[SourceTitle "EXT 2003"]
[Source "ChessBase"]
[SourceDate "2002.11.25"]
[SourceVersion "1"]
[SourceVersionDate "2002.11.25"]
[SourceQuality "1"]

1. d4 Nf6 2. Nf3 g6 3. Bf4 Bg7 4. e3 d6 5. Bc4 Nh5 6. Bg5 h6 7. Bh4 c6 8. Nbd2 g5 9. Bg3 Nxg3 10. hxg3 Bf5 11. 0-0 Nd7 12. c3 0-0 13. e4 Bg6 14. Re1 e6 15. a4 Qc7 16. Bb3 Rac8 17. Bc2 Rfe8 18. Rc1 a6 19. Nc4 b5 20. axb5 axb5 21. Ne3 c5 22. Bd3 Qb6 23. dxc5 Nxc5 24. Nc2 d5 25. Nfd4 dxe4 26. Bxb5 Red8 27. b4 Nd3 28. Bxd3 exd3 29. Ne3 Bxd4 30. cxd4 Qxb4 31. Rxc8 Rxc8 32. Qa1 d2 33. Rd1 Bd3 34. d5 Be2 35. dxe6 Bxd1 36. Qf6 Bh5 37. Nf5 Qb1+ 38. Kh2 Qxf5 39. Qxf5 Rd8 40. e7 d1Q 41. exd8Q+ Qxd8 42. Qe5 Bg6 43. Qc3 Kh7 44. Qc5 Qf6 45. Qe3 Qf5 46. Qd4 Qe4 47. Qc5 Bf5 48. Qc1 Be6 49. Qb2 g4 50. Qc1 Bd5 51. Qf1 Kg6 52. Kg1 Kf5 53. Kh2 Qxg2+ 54. Qxg2 Bxg2 55. Kxg2 Ke4 56. Kf1 Kf3 57. Kg1 f5 58. Kf1 f4 0-1

[Event "Chigorin Memorial-B 10th"]
[Site "St Petersburg"]
[Date "2002.10.25"]
[Round "1"]
[White "Lazhevsky, Gleb"]
[Black "Tappyrov, Vladimir"]
[Result "1-0"]
[WhiteElo "2201"]
[BlackElo "2339"]
[PlyCount "81"]
[EventDate "2002.10.25"]
[EventType "swiss"]
[EventRounds "9"]
[EventCountry "RUS"]
[SourceTitle "EXT 2003"]
[Source "ChessBase"]
[SourceDate "2002.11.25"]
[SourceVersion "1"]
[SourceVersionDate "2002.11.25"]
[SourceQuality "1"]

1. e4 e6 2. d4 d5 3. exd5 exd5 4. Bd3 Bd6 5. Nc3 Ne7 6. Nge2 c6 7. Bf4 0-0 8. 0-0 Bf5 9. Bxd6 Qxd6 10. Bxf5 Nxf5 11. Qd3 Qf6 12. h3 Nd7 13. g4 Nd6 14. Ng3 Rae8 15. b3 Re7 16. Rae1 Rfe8 17. Rxe7 Rxe7 18. f4 Qh4 19. Kg2 Nf6 20. Qf3 h5 21. g5 Nfe4 22. Ncxe4 dxe4 23. Qe3 f6 24. c4 g6 25. c5 Nf5 26. Nxf5 gxf5 27. g6 Rg7 28. Rg1 Rxg6+ 29. Kf1 Rxg1+ 30. Kxg1 Kf7 31. Kf1 Ke7 32. Ke2 Ke6 33. Kd2 b5 34. cxb6 axb6 35. Kc3 Kd6 36. a4 Kc7 37. Kc4 Kd6 38. b4 Kc7 39. b5 Kd6 40. bxc6 Kxc6 41. d5+ 1-0

[Event "St Petersburg op"]
[Site "St Petersburg"]
[Date "2002.??.??"]
[Round "7"]
[White "Golovchenko, Gleb"]
[Black "Tappyrov, Vladimir"]
[Result "0-1"]
[WhiteElo "2308"]
[BlackElo "2339"]
[PlyCount "70"]
[EventDate "2002.??.??"]
[EventType "swiss"]
[EventRounds "9"]
[EventCountry "RUS"]
[SourceTitle "EXT 2006"]
[Source "ChessBase"]
[SourceDate "2005.11.24"]
[SourceVersion "1"]
[SourceVersionDate "2005.11.24"]
[SourceQuality "1"]

1. d4 Nf6 2. c4 g6 3. Nc3 Bg7 4. e4 d6 5. f3 0-0 6. Be3 c5 7. Nge2 Nc6 8. d5 Ne5 9. Ng3 h5 10. Be2 a6 11. h3 b5 12. cxb5 axb5 13. Bxb5 Ba6 14. f4 Nc4 15. Bxc4 Bxc4 16. Qc2 Qa5 17. Kf2 Rfb8 18. Rhd1 h4 19. Nge2 Rxb2 20. Qxb2 Nxe4+ 21. Kg1 Bxe2 22. Qxe2 Nxc3 23. Qg4 Nxd1 24. Rxd1 Qxa2 25. Qxh4 Qb3 26. Re1 Bf6 27. Qg4 Qxd5 28. Rf1 Qe6 29. Qxe6 fxe6 30. Rc1 Ra4 31. Kf2 Kg7 32. g4 Ra2+ 33. Kf3 Ra3 34. Kf2 e5 35. fxe5 Bh4+ 0-1

[Event "St Petersburg op"]
[Site "St Petersburg"]
[Date "2002.??.??"]
[Round "2"]
[White "Kurilov, Viktor"]
[Black "Tappyrov, Vladimir"]
[Result "0-1"]
[WhiteElo "2190"]
[BlackElo "2339"]
[PlyCount "118"]
[EventDate "2002.??.??"]
[EventType "swiss"]
[EventRounds "9"]
[EventCountry "RUS"]
[SourceTitle "EXT 2006"]
[Source "ChessBase"]
[SourceDate "2005.11.24"]
[SourceVersion "1"]
[SourceVersionDate "2005.11.24"]
[SourceQuality "1"]

1. Nf3 Nf6 2. d4 g6 3. c4 Bg7 4. Nc3 0-0 5. e4 d6 6. h3 Nc6 7. d5 Nb8 8. Bg5 a5 9. Qd2 Re8 10. Bd3 Nbd7 11. 0-0 Nc5 12. Bc2 c6 13. Rad1 Qb6 14. b3 Qb4 15. Nd4 Bd7 16. f3 a4 17. Nce2 Qxd2 18. Bxd2 axb3 19. axb3 Na6 20. b4 Rec8 21. b5 cxb5 22. cxb5 Bxb5 23. Nxb5 Rxc2 24. Nbd4 Rc4 25. Be3 Nc5 26. Rc1 Rxc1 27. Rxc1 Nfd7 28. Rb1 Ra3 29. Bf2 Ra2 30. Kf1 Bf6 31. Be3 h5 32. Nb3 b6 33. Nbd4 Na4 34. Nb5 Ndc5 35. Ned4 Kg7 36. Nc6 Nb2 37. Bd4 Nc4 38. Rc1 Bxd4 39. Rxc4 Rf2+ 40. Kg1 Be3 41. Kh2 Rb2 42. Rb4 Re2 43. Rb1 Nd3 44. Nc3 Rc2 45. Nd1 Bc5 46. h4 Kf6 47. Kg3 Rd2 48. f4 Ne1 49. e5+ dxe5 50. fxe5+ Kg7 51. Nc3 Rxg2+ 52. Kh3 Rg1 53. Ne2 Rf1 54. Ng3 Rg1 55. Ne2 Rh1+ 56. Kg3 f6 57. Ned4 Rf1 58. exf6+ Kxf6 59. Nc2 Bd6+ 0-1

[Event "St Petersburg op"]
[Site "St Petersburg"]
[Date "2002.??.??"]
[Round "3"]
[White "Tappyrov, Vladimir"]
[Black "Dmitriev, Igor"]
[Result "1/2-1/2"]
[WhiteElo "2339"]
[BlackElo "2368"]
[PlyCount "128"]
[EventDate "2002.??.??"]
[EventType "swiss"]
[EventRounds "9"]
[EventCountry "RUS"]
[SourceTitle "EXT 2006"]
[Source "ChessBase"]
[SourceDate "2005.11.24"]
[SourceVersion "1"]
[SourceVersionDate "2005.11.24"]
[SourceQuality "1"]

1. d4 Nf6 2. g3 c5 3. Bg2 cxd4 4. Nf3 e5 5. 0-0 d6 6. c3 dxc3 7. Nxc3 Be7 8. Qb3 0-0 9. Rd1 Nc6 10. Be3 Qc7 11. Nb5 Qb8 12. Ng5 Bd7 13. Rac1 Ne8 14. Bd5 Nd8 15. Qd3 g6 16. Ne4 Kg7 17. Bb3 Bf5 18. f3 Be6 19. Qd2 Kh8 20. Bh6 Rg8 21. Nbxd6 Nxd6 22. Nxd6 Bxd6 23. Qxd6 Qxd6 24. Rxd6 g5 25. h4 gxh4 26. g4 Rg6 27. Rcd1 Rxh6 28. Rxd8+ Rxd8 29. Rxd8+ Kg7 30. Bxe6 Rxe6 31. Rd7 Rb6 32. b3 Ra6 33. Rd2 h5 34. gxh5 Kh6 35. Kf2 f6 36. Rd7 Kxh5 37. Rxb7 Rxa2 38. Rh7+ Kg5 39. Rg7+ Kh6 40. Rg4 Kh5 41. b4 a6 42. Rc4 Ra4 43. Kg2 Ra2 44. Kf2 h3 45. Rc8 Kg5 46. Rh8 Rb2 47. Rxh3 Rxb4 48. Rh8 Rb3 49. e4 Kg6 50. Ra8 Ra3 51. Rb8 a5 52. Rg8+ Kf7 53. Ra8 a4 54. Kg3 f5 55. exf5 e4 56. Kf4 exf3 57. Ra7+ Kf6 58. Ra6+ Kg7 59. Ra7+ Kf6 60. Ra6+ Ke7 61. Ra7+ Kd6 62. Ra6+ Kd7 63. Ra7+ Ke8 64. Ra8+ Kf7 1/2-1/2